000 00316nam a22001337a 4500
008 181006b xxu||||| |||| 00| 0 eng d
020 _a0397546238
041 _aeng
080 _a615.83
100 _a8
101 _aEGZF
245 _aGuide to Physical Examination and History Taking
_cBates, B
942 _2udc
_cBK
999 _c48961
_d48961